Psychology The Study of Human Behaviour (Record no. 20598)
[ view plain ]
| 000 -LEADER | |
|---|---|
| fixed length control field | 00323nam a22001337a 4500 |
| 008 - FIXED-LENGTH DATA ELEMENTS--GENERAL INFORMATION | |
| fixed length control field | 240312b |||||||| |||| 00| 0 eng d |
| 020 ## - INTERNATIONAL STANDARD BOOK NUMBER | |
| ISBN | 9788120352476 |
| 100 ## - MAIN ENTRY--AUTHOR NAME | |
| Personal name | B.K. Mishra |
| 245 ## - TITLE STATEMENT | |
| Title | Psychology The Study of Human Behaviour |
| 250 ## - EDITION STATEMENT | |
| Edition statement | 2nd Ed. |
| 260 ## - PUBLICATION, DISTRIBUTION, ETC. (IMPRINT) | |
| Place of publication | Delhi |
| Name of publisher | PHI |
| Year of publication | 2023 |
| 300 ## - PHYSICAL DESCRIPTION | |
| Number of Pages | 594 |
| 942 ## - ADDED ENTRY ELEMENTS (KOHA) | |
| Source of classification or shelving scheme | Dewey Decimal Classification |
| Koha item type | Books |
| Accession Number | Bill Date | Source of acquisition | Price effective from | Koha item type | Withdrawn / writtenoff status | Damaged status | Not for loan | Permanent Location | Current Location | Shelving location | Date acquired | Lost/ Missing status | department |
|---|---|---|---|---|---|---|---|---|---|---|---|---|---|
| B.COM 214 | 5-3-2024 | Radha Krishna Anand & Co, Jammu | 03/12/2024 | Books | Not For Loan | MIET Library, Jammu | MIET Library, Jammu | 192/2 | 03/05/2024 | B.COM | |||
| B.COM 215 | 5-3-2024 | Radha Krishna Anand & Co, Jammu | 03/12/2024 | Books | MIET Library, Jammu | MIET Library, Jammu | 191/6 | 03/05/2024 | B.COM | ||||
| B.COM 216 | 5-3-2024 | Radha Krishna Anand & Co, Jammu | 03/12/2024 | Books | MIET Library, Jammu | MIET Library, Jammu | 191/6 | 03/05/2024 | B.COM | ||||
| B.COM 217 | 5-3-2024 | Radha Krishna Anand & Co, Jammu | 03/12/2024 | Books | MIET Library, Jammu | MIET Library, Jammu | 191/6 | 03/05/2024 | B.COM |